Understanding Generation Y and Their Use of Social Media diplomová práca

Guardado en:
Detalles Bibliográficos
Autor principal: Šoltésová, Iveta
Autor Corporativo: Fakulta aplikovaných jazykov EU v Bratislave. Katedra interkultúrnej komunikácie
Otros Autores: Stradiotová, Eva, 1963-
Formato: Libro
Lenguaje:inglés
Publicado: Bratislava 2019
Etiquetas: Agregar Etiqueta
Sin Etiquetas, Sea el primero en etiquetar este registro!

MARC

LEADER 00000nbm a2200000 4500
001 0254728
005 20191111105023.9
041 0 |a eng 
044 |a SK 
245 1 0 |a Understanding Generation Y and Their Use of Social Media  |b diplomová práca  |c Iveta Šoltésová ; školiteľ: Eva Stradiotová 
264 1 |a Bratislava  |c 2019 
300 |a 64 s. 
100 1 |a Šoltésová, Iveta 
700 1 |a Stradiotová, Eva, 1963- 
710 2 |a Fakulta aplikovaných jazykov EU v Bratislave. Katedra interkultúrnej komunikácie